| 000 | 00840nam a2200265 a 4500 | ||
|---|---|---|---|
| 003 | IeDuTC | ||
| 005 | 20230411161620.0 | ||
| 008 | 000705r20001965enk 000 1 eng | ||
| 016 | 0 | 0 | _a700/0=NOTNAL |
| 020 | _a978-0-099-28519-9 | ||
| 040 |
_aIeDuTC _dIeDuTC |
||
| 041 | 1 |
_aeng _hjpn |
|
| 082 | 0 | 4 |
_a813.54 _221 |
| 100 | 1 |
_aTanizaki, Jun'ichirō, _d1886-1965. |
|
| 240 | 0 | 0 |
_aFūten rōjin nikki. _lEnglish. |
| 245 | 1 | 0 |
_aDiary of a mad old man / _cJun'ichirō Tanizaki ; translated by Howard Hibbett. |
| 260 |
_aLondon : _bVintage, _c2000. |
||
| 300 |
_a177p. ; _c20cm. |
||
| 440 | 0 | _aVintage classics. | |
| 500 | _aOriginally published: New York: Knopf, 1965; London: Secker & Warburg, 1966. | ||
| 546 | _aTranslated from the Japanese. | ||
| 700 | 1 | _aHibbett, Howard. | |
| 942 |
_2ddc _cFIC |
||
| 999 |
_c9543 _d9544 |
||